| 000 | 01710nam a2200421 a 4500 | ||
|---|---|---|---|
| 001 | ebr10312526 | ||
| 003 | CaPaEBR | ||
| 006 | m u | ||
| 007 | cr cn||||||||| | ||
| 008 | 080319s2008 nju sb 001 0 eng | ||
| 010 | _z 2008012782 | ||
| 015 |
_aGBA8A5509 _2bnb |
||
| 016 | 7 |
_z014708175 _2Uk |
|
| 020 | _z0691136955 (cloth : acid-free paper) | ||
| 020 | _z9780691136950 (cloth : acid-free paper) | ||
| 040 |
_aCaPaEBR _cCaPaEBR |
||
| 035 | _a(OCoLC)438793704 | ||
| 043 | _an-us--- | ||
| 050 | 1 | 4 |
_aPS228.P6 _bM43 2008eb |
| 082 | 0 | 4 |
_a810.9/35873 _222 |
| 100 | 1 |
_aMcCann, Sean, _d1962- |
|
| 245 | 1 | 2 |
_aA pinnacle of feeling _h[electronic resource] : _bAmerican literature and presidential government / _cSean McCann. |
| 260 |
_aPrinceton, N.J. : _bPrinceton University Press, _cc2008. |
||
| 300 | _axiv, 248 p. | ||
| 490 | 1 | _a20/21 | |
| 504 | _aIncludes bibliographical references (p. [197]-241) and index. | ||
| 533 |
_aElectronic reproduction. _bPalo Alto, Calif. : _cebrary, _d2013. _nAvailable via World Wide Web. _nAccess may be limited to ebrary affiliated libraries. |
||
| 650 | 0 |
_aAmerican literature _y20th century _xHistory and criticism. |
|
| 650 | 0 |
_aPolitics and literature _zUnited States _xHistory _y20th century. |
|
| 650 | 0 | _aExecutive power in literature. | |
| 650 | 0 | _aPresidents in literature. | |
| 650 | 0 |
_aExecutive power _xPhilosophy. |
|
| 650 | 0 |
_aAuthors, American _y20th century _xPolitical and social views. |
|
| 655 | 7 |
_aElectronic books. _2local |
|
| 710 | 2 | _aebrary, Inc. | |
| 830 | 0 | _a20/21 (Princeton, N.J.) | |
| 856 | 4 | 0 |
_uhttp://site.ebrary.com/lib/rucke/Doc?id=10312526 _zAn electronic book accessible through the World Wide Web; click to view |
| 999 |
_c164645 _d164645 |
||